[Event "RSA-ch U12"]
[Site "Bloemfontein"]
[Date "2016.03.20"]
[Round "1"]
[White "Van Deventer, Wilrich"]
[Black "Olkers, Lleyton"]
[Result "1/2-1/2"]
[WhiteElo "1135"]
[BlackElo "1292"]
[PlyCount "97"]
[EventDate "2016.03.20"]
[EventType "swiss"]
[EventRounds "11"]
[EventCountry "RSA"]
[SourceTitle "CBM 171 Extra"]
[Source "ChessBase"]
[SourceDate "2016.04.26"]
[SourceVersion "1"]
[SourceVersionDate "2016.04.26"]
[SourceQuality "1"]

1. d4 Nf6 2. e3 e6 3. Nf3 b6 4. Bd3 Bb7 5. Nbd2 d5 6. c3 Nbd7 7. a3 Be7 8. b3 c5 9. Qc2 h6 10. 0-0 0-0 11. Re1 Rc8 12. h3 Re8 13. e4 cxd4 14. Nxd4 e5 15. N4f3 d4 16. c4 Bd6 17. b4 Nf8 18. Nb3 Ng6 19. c5 bxc5 20. Nxc5 Qe7 21. Bd2 Bxc5 22. bxc5 Qxc5 23. Qxc5 Rxc5 24. Bb4 Rcc8 25. Bb5 Bc6 26. Ba6 Rb8 27. Bd3 Nf4 28. Bb1 Rb5 29. Bd2 Ng6 30. Bd3 Rbb8 31. g3 Rb3 32. Bc2 Rb2 33. Bb1 Rc8 34. Kg2 Ba4 35. Bc1 Rb6 36. Bd2 Rbc6 37. Ra2 Bc2 38. Bxc2 Rxc2 39. Rxc2 Rxc2 40. Bb4 d3 41. Nd2 Nf8 42. Re3 Ne6 43. Rxd3 Nd4 44. Rc3 Rxc3 45. Bxc3 Nc6 46. f3 Nd7 47. Nc4 g6 48. g4 f6 49. Kg3 1/2-1/2

[Event "RSA-ch U10"]
[Site "Waterkloof"]
[Date "2015.04.07"]
[Round "5"]
[White "Pillay, Kuvam"]
[Black "Van Deventer, Wilrich"]
[Result "0-1"]
[WhiteElo "938"]
[BlackElo "1045"]
[PlyCount "62"]
[EventDate "2015.04.04"]
[EventType "swiss"]
[EventRounds "9"]
[EventCountry "RSA"]
[SourceTitle "CBM 166 Extra"]
[Source "ChessBase"]
[SourceDate "2015.06.18"]
[SourceVersion "1"]
[SourceVersionDate "2015.06.18"]
[SourceQuality "1"]

1. e4 e6 2. e5 d5 3. d4 f6 4. Nf3 c5 5. c3 cxd4 6. cxd4 fxe5 7. dxe5 Bc5 8. Bd3 Ne7 9. Qb3 0-0 10. 0-0 Nf5 11. Rd1 Nc6 12. Bxf5 Rxf5 13. Rf1 Nxe5 14. Nxe5 Rxe5 15. Qg3 Rh5 16. h3 Bd6 17. Qg4 g6 18. Nc3 e5 19. Qf3 e4 20. Qe3 Qb6 21. Qxb6 axb6 22. g4 Rxh3 23. Nxd5 Rf3 24. Nxb6 Rb8 25. Nxc8 Rxc8 26. Bh6 Bc5 27. Kg2 Bf8 28. Bxf8 Rcxf8 29. a4 R8f4 30. b4 Rxg4+ 31. Kh1 Rh3# 0-1